Marvel Characters and their actors. - Statistics

General Stats
  • This quiz has been taken 66 times
    52 since last reset
  • The average score is 29 of 46
Answer Stats
Character Actor % Correct
Iron Man/Tony Stark Robert Downey Jr.
97%
Thor Odinson Chris Hemsworth
95%
Captain America/Steve Rogers Chris Evans
89%
The Hulk/Bruce Banner Mark Ruffalo
89%
Black Widow/Natasha Romanoff Scarlett Johansson
89%
Spider-Man/Peter Parker Tom Holland
89%
Spider-Man/Peter Parker Tobey Maguire
84%
Spider-Man/Peter Parker Andrew Garfield
81%
Star-Lord/Peter Quill Chris Pratt
81%
Hawkeye/Clint Barton Jeremy Renner
81%
Nick Fury Samuel L. Jackson
81%
The Winter Soldier/Bucky Barnes Sebastian Stan
78%
Falcon/Sam Wilson Anthony Mackie
76%
Doctor Strange Benedict Cumberbatch
76%
Scarlett Witch/Wanda Maximoff Elizabeth Olsen
76%
Loki Friggason/Laufeyson Tom Hiddleston
70%
Groot Vin Diesel
70%
Rocket Bradley Cooper
68%
Captain Marvel/Carol Danvers Brie Larson
68%
Black Panther Chadwick Boseman
68%
Drax the Destroyer Dave Bautista
65%
Vision Paul Bettany
65%
MJ Zendaya
65%
Gamora Zoe Saldana
65%
Thanos Josh Brolin
62%
Ant-Man/Scott Lang Paul Rudd
62%
Quicksilver/Pietro Maximoff Aaron Taylor-Johnson
59%
Pepper Potts Gwyneth Paltrow
59%
Heimdall Idris Elba
59%
Wong Benedict Wong
57%
Agent Maria Hill Cobie Smulders
57%
Jane Foster Natalie Portman
57%
Valkyrie Tessa Thompson
57%
Odin Anthony Hopkins
54%
War Machine/Col. James Rhodes Don Cheadle
51%
Nebula Karen Gillan
51%
Mantis Pom Klementieff
46%
Ned Jacob Batalon
43%
Phil Coulson Clark Gregg
41%
Hank Pym Michael Douglas
41%
The Wasp/Hope Pym Evangeline Lily
35%
Yondu Michael Rooker
35%
War Machine/Col. James Rhodes Terrence Howard
35%
Christine Palmer Rachel McAdams
30%
Peggy Carter Hailey Atwell
24%
Howard Stark Dominic Cooper
11%
No matching quizzes found
Score Distribution
Percent of People with Each Score
Percentile by Number Answered
Your Score History
You have not taken this quiz since the last reset